POLSCY STREAMERZY TWITCH - Statystyki

Ogólne statystyki
  • Ten quiz został rozwiązany 1 159 razy
  • Średni wynik to 9 z 33
Statystyki odpowiedzi
Opis Odpowiedź % Poprawnych
Jedyny 1 mln follow na PL Twitch Izak
77%
Największy pajac polskiego Twitcha Xayoo
75%
Dobrze dorobił się na dzieciach z Fortnite, kolega Izaka Ewron
63%
Firmóweczka ArQuel
59%
Polska pokimane Nieuczesana
58%
Uciekł z Twitcha, ma wyjebane w hejty i wyjebane co kto powie Dis
50%
Brud Nervarien
50%
2nd miejsce na Worldsach Jankos
41%
Abuserka broken Sylasa, głównie hostuje egrille Overpow
38%
Szerszeń RandomBruce
38%
AFK farm jungle Shyvaną Gucio
37%
Fan Gothica, gra topa, Irelia 0/11 Kubon
37%
Była laska ISAMU. Ukrainka
31%
Uciekł z Twitcha na FB, support main, gruby Delord
30%
Prawie pokazał dicka, kolega Izaka, CS PAGO3
30%
Berlin mrs_honey
25%
Tibijczyk, pato, wypromowany przez Pajalocka Paramaxil
25%
Steryd, Zac main Ortis
19%
Ogląda dużo filmów Demonzz
14%
Dziad Veggie
12%
Drama z Diendrisem Aellinis
11%
Hearthstone, ze 30 lat BlackFireIce
11%
Ten ze skały którego nikt nie zna nzq123
8%
Kiedyś LoL, Tinder, wypromowany przez Pajalocka Adamcy
7%
Jechankakanka, 16 lat, streamy w wakacje fximba
7%
Uciekła z Twitcha na FB, robiła cosplay Godlewskiej MaiLinh
7%
Kiedyś DjSmierc d4mm
5%
Heroes III, jeden z niewielu który nie uciekł z TTV Gluhammer
5%
Prawie 2m wzrostu, Darius main AdziOo
3%
Permbanned na Twitchu, e-grill, dramka chyba z każdym Astirit
3%
Tryndamere mid main Kubsar
3%
Inwalida, kiedyś pracownik ESL Birtek
2%
Miał długą przerwe od streamów, gra TF/Diana, broda James_Willow
2%
Nie znaleziono quizów pasujących do podanych kryteriów
Rozkład punktacji
Procent ludzi z każdym wynikiem
Percentyl według liczby udzielonych odpowiedzi
Twoja historia wyników
Nie rozwiązałeś tego quizu